Statistiques concernant 245 Yo-kai 1ère génération [FR]

Cliquez ici pour prendre le quiz!

Statistiques générales

  • Ce quiz a été pris 481 fois
  • Le résultat moyen est 73 sur 245

Statistiques - réponses

NuméroNom% Correct
93Jibanyan
91%
101Komajiro
71%
99Komasan
71%
1Woko
71%
214Shogunyan
67%
95Bandinyan
63%
2Pagno
63%
94Epinyan
61%
55Kyubi
61%
12Feulion
60%
243Gargaros
59%
3Alfoncéo
58%
225Crocho
58%
116Granpapéti
55%
80Robonyan
55%
37Toutouïe
55%
169Corniot
54%
125Jojojoyeux
53%
100Komaous
52%
70Loubarbare
51%
179Lulugubre
51%
189Noko
51%
212Octorgone
51%
216Cabotin
50%
4Toumou
50%
244Ogralos
48%
81Oronyan
48%
27Fouétar
47%
87Cigalopin
46%
223Diamanyan
46%
102Komistigri
46%
221Rubinyan
46%
217Camaïeul
45%
219Saphinyan
45%
56Barakabo
44%
60Nanpart
44%
226Carpitaine
43%
220Emeranyan
43%
218Gorgouille
43%
215Komashura
43%
231 | 232McKraken
43%
6Samoumourai
43%
222Topanyan
43%
191Pandanoko
42%
14Siro
42%
7Sumochi
42%
96Kappacap
41%
213Octorgombre
41%
108Angélik
40%
38Babalance
40%
109Blizzaria
39%
5Lamlam'mou
39%
71Racaïd
39%
135Tata Câlin
39%
224Triptyk
39%
13Vibrilion
39%
242Potofeu
38%
245Orqanos
37%
43Padrézo
37%
117Puissanfon
37%
134Tata Aura
37%
53Tengu
37%
170Bicorniot
36%
110Damona
36%
159Dente
36%
144Marcognito
36%
39Mémétal
36%
25Scarnage
36%
97Appak
35%
30Chaipô
35%
88Cigaillard
35%
198Dracounet
35%
166Flamente
35%
72Frérosse
35%
162Malmidal
35%
190Nénunoko
35%
157Timidémon
35%
118Grainpère
34%
103Baku
33%
92Cho-cho
33%
227Ombraptor
33%
8Mochimacho
32%
141Nihilistik
32%
61Passpa
32%
105Pitou
32%
16Sabri
32%
23Scatcheur
32%
46Télémir
32%
26Zerberker
32%
89Cigazouille
31%
57Darabajoie
31%
200Dragô
31%
17Padelou
31%
24Scarmouche
31%
199Sire Dragon
31%
11Amiral
30%
186Eterna
30%
62Granpart
30%
172Humidon
30%
145Ninjamévu
30%
132Tontonerre
30%
184Cenridion
29%
58Darumastar
29%
235Hydreux
29%
185Jouvencia
29%
236Porcinator
29%
20B3-NK1
28%
158Belzel
28%
15Bonneto
28%
78Castelius 1
28%
77Castelius 2
28%
76Castelius 3
28%
106Choubidou
28%
40Cupistol
28%
230Dr Jobard
28%
9Heaumer
28%
187Insomnelle
28%
82Misterre
28%
28Morvobec
28%
18Orox
28%
126Paradoxa
28%
113Salsalga
28%
19Benkei
27%
10Bushidos
27%
171Cerbébert
27%
136Egaroni
27%
31Gagalurin
27%
122Papiltension
27%
79Castelius Max
26%
90Chihuaglagla
26%
73Coléroptère
26%
45Dynamo
26%
111Noripop
26%
47Nuiroir
26%
153Tengubre
26%
138Tortico
26%
164Chiperpiou
25%
44Emettor
25%
63Hauber
25%
121Papiltation
25%
180Pégaz
25%
51Espi
24%
48Hiblusion
24%
133Omnitonton
24%
83Ressak
24%
107Satandre
24%
84Squarlett
24%
86Squelèbelle
24%
54Tengurou
24%
210Vipérâle
24%
124Vitapillon
24%
233Volteface
24%
112Wakapoeira
24%
173Délujien
23%
98Kappaloha
23%
137Onisoi
23%
165Pioubidou
23%
228Sabroclair
23%
139Tendino
23%
208Bananar
22%
130Dédé
22%
41Donjouant
22%
174Fryzeur
22%
59Goruma
22%
123Hyprapillon
22%
207Jacquasseur
22%
85Margoth
22%
29Matchou
22%
146Nihilo
22%
42Nonjuan
22%
32Papa Ress
22%
168Volatriste
22%
167Volibrius
22%
104Tapur
21%
154Bibliotengu
20%
234Didgeai
20%
175Kongel
20%
35Marra
20%
238Nébulor
20%
151Ragioni
20%
237Styx 6
20%
150Suspicioni
20%
148Chauv'coucou
19%
147Chauvekipeut
19%
205Claquille
19%
140Contracto
19%
75Corniaque
19%
69Etna Magma
19%
49Hibrouille
19%
229Inamygal
19%
161Maltesse
19%
193Méroubadour
19%
239Pr Létripe
19%
21Sushiyama
19%
177Blablara
18%
131Dédestin
18%
163Ecchinose
18%
91Froahuahua
18%
50Hibourling
18%
68Lama Laya
18%
181Méphito
18%
74Rhinolimit
18%
209Vipètesec
18%
34Bastata
17%
152Contrarioni
17%
142Emousstik
17%
176Hémorhino
17%
22Kapunki
17%
188Morféa
17%
64Pachycoul
17%
115Pikor
17%
127Potaumorose
17%
33Ralbouc
17%
36Violette
17%
114Amoiz
16%
143Grattoptère
16%
155Nimpégase
16%
194Urnaconda
16%
160Vénaldo
16%
192Anghihihille
15%
66Boulapic
15%
203Croquin
15%
240Hagacurée
15%
241Rancornet
15%
128Ratatam
15%
129Supernoël
15%
149Vampiloc
15%
197Vexturgeon
15%
67Bouldacier
14%
204Inisquale
14%
201Bababou
13%
52Etassivillia
13%
183Flopito
13%
182Misterbide
13%
195Murhaine
13%
211Vipairflay
13%
178Umilie
12%
119Nomoné
11%
65Persévéfant
11%
202Tourneboul
11%
156Hennimi
10%
206Cocpille
9%
120Noproblemo
9%
196Saumhonni
8%

Distribution des résultats

Percentile par nombre de réponses

% des personnes avec chaque résultat

Votre développement - résultats

Vous n’avez pas pris ce quiz